| 000 | 00961nam0a22002531 4500 | ||
|---|---|---|---|
| 001 | rc\4103990 | ||
| 005 | 20250611000509.0 | ||
| 035 | _a(NLR Aleph) 007975942 | ||
| 090 |
_a8489318 _c8489318 |
||
| 100 | _a20130415d1950 |||y0rusy50 ca | ||
| 101 | 0 | _arus | |
| 102 | _aRU | ||
| 105 | _aa z ||||| | ||
| 200 | 1 |
_aКокильное чугунное литье в судоремонте _f[Отв. ред. С.С. Слободянников] _gСССР. М-во мор. флота СССР. Центр. проектно-конструкт. бюро (ЦПКБ) |
|
| 210 |
_aМосква _cОтд. техн. информации _d1950 |
||
| 215 |
_a26 с. _cчерт. _d24 |
||
| 225 | 1 | _aПроизводственно-техническая информация | |
| 300 | _aЛитогр. | ||
| 702 | 1 |
_aСлободянников _bС.С. _4340 |
|
| 801 | 0 |
_aRU _bNLR _gpsbo |
|
| 801 | 1 |
_aRU _bELAR _2rusmarc |
|
| 852 |
_aNLR _jТ90 Г-8/77 |
||
| 942 | _cBOOK | ||
| 980 | _aNB | ||